Statystyki dla Państwa produkujące najwięcej ananasów.

Kliknij tutaj aby rozwiązać quiz!

Ogólne statystyki

  • Ten quiz został rozwiązany 51 razy
  • Średni wynik to 6 z 10

Statystyki odpowiedzi

Tony w tysiącachOdpowiedź% Poprawnych
2254Brazylia
90%
1576Chiny
84%
1861Indie
80%
1811Indonezja
76%
945Meksyk
76%
1091Kolumbia
69%
2123Tajlandia
61%
2672Filipiny
55%
1642Nigeria
27%
3056Kostaryka
18%

Rozkład punktacji

Percentyl według liczby udzielonych odpowiedzi

Procent ludzi z każdym wynikiem

Twoja historia wyników

Nie rozwiązałeś tego quizu